| 000 | 00871nam a22002777a 4500 | ||
|---|---|---|---|
| 003 | DO-SdBNP | ||
| 005 | 20230403144452.0 | ||
| 007 | ta | ||
| 008 | 210827e2017 dr aa||er|||| 001 p spa d | ||
| 020 | _a9789945588903 | ||
| 040 |
_aDO-SdBNP _bspa _cBNPHU |
||
| 041 | _hspa | ||
| 082 | 4 |
_aRD861.5 _bG993t _222 |
|
| 100 | 1 |
_933372 _aGuzmán, Ibeth, _d1983 |
|
| 245 | 1 | 3 |
_aTiempo de pecar / _cIbeth Guzmán ; edición Olga Martha Pérez. |
| 260 |
_aSanto Domingo : _bIsla Negra, _c2017 |
||
| 300 |
_a53 p. : _bil. ; _c23 cm |
||
| 490 | 0 | _aEl Rostro y la Máscara | |
| 500 | _aIncluye datos biográficos de la autora en la solapa de la cubierta | ||
| 590 | _aInventariado 2021 / MF | ||
| 650 | 4 | _aPoesía dominicana | |
| 650 | 4 | _aLiteratura dominicana | |
| 700 | 1 |
_aPérez, Olga Martha, _eed. _979615 |
|
| 910 | _aValidado. Control de calidad MFF | ||
| 942 |
_2ddc _cLBS1 |
||
| 999 |
_c50307 _d50307 |
||